Hair (2 Lp Bl 03274) (Record n. 103623)
[ formato base ]
| 000 -LEADER | |
|---|---|
| fixed length control field | 01698njm a2200349Ia 4500 |
| 001 - CONTROL NUMBER | |
| control field | 20858 |
| 003 - CONTROL NUMBER IDENTIFIER | |
| control field | IT-RoPAU |
| 005 - DATE AND TIME OF LATEST TRANSACTION | |
| control field | 20220918181208.0 |
| 008 - FIXED-LENGTH DATA ELEMENTS--GENERAL INFORMATION | |
| fixed length control field | 131025s9999 xx 000 0 und d |
| 040 ## - CATALOGING SOURCE | |
| Original cataloging agency | IT-RoPAU |
| 040 ## - CATALOGING SOURCE | |
| Transcribing agency | IT-RoPAU |
| 041 ## - LANGUAGE CODE | |
| Language code of text/sound track or separate title | INGLESE |
| 999 ## - SYSTEM CONTROL NUMBERS (KOHA) | |
| Koha Dewey Subclass [OBSOLETE] | n.d. |
| 100 ## - MAIN ENTRY--PERSONAL NAME | |
| Personal name | MacDermot Galt |
| 9 (RLIN) | 4041 |
| 100 ## - MAIN ENTRY--PERSONAL NAME | |
| Relator term | Autore musica |
| 9 (RLIN) | 4042 |
| 100 ## - MAIN ENTRY--PERSONAL NAME | |
| Miscellaneous information | Codice autore musica SPICS: 10994 |
| 9 (RLIN) | 4043 |
| 245 ## - TITLE STATEMENT | |
| Title | Hair (2 Lp Bl 03274) |
| 250 ## - EDITION STATEMENT | |
| Edition statement | 1a ed. |
| 260 ## - PUBLICATION, DISTRIBUTION, ETC. (IMPRINT) | |
| Place of publication, distribution, etc. | NEW YORK |
| 260 ## - PUBLICATION, DISTRIBUTION, ETC. (IMPRINT) | |
| Name of publisher, distributor, etc. | RCA RECORDS |
| Date of publication, distribution, etc. | 1980 [1a Ed.:1980 - Ed. Lingua Orig.: 1980] |
| 300 ## - PHYSICAL DESCRIPTION | |
| Extent | DISCO |
| 300 ## - PHYSICAL DESCRIPTION | |
| Dimensions | 91 minuti (Testo: pag.) |
| 500 ## - GENERAL NOTE | |
| General note | Colonna sonora del film omonimo. Testi italiani delle canzoni. E’ disponibile anche lo spartito con la musica e i testi di tutte le canzoni. Codice Spics dello spartito 21322. |
| 505 ## - FORMATTED CONTENTS NOTE | |
| Formatted contents note | Aquarius - I'm Blak Ain't Got No - Sodomy - L.B.J. (Initials) - Donna Hashish - Hare Krishna - Colored Spade - White Boys - Manchester - Good Morning Starshine - 3-5-0-0 - What a Piece of Work Is Man - Hair - Somebody To Love - Where Do I Go? - Don't Put It Down - Black Boys - Air - The Flesh Failures Let the Sunshine In - Walking in Space - Easy To Be Hard - Electric Blues Old Fashioned Melody - Abie Baby Fourscore - Party Music - My Conviction - I Got Life - Frank Mills |
| 511 ## - PARTICIPANT OR PERFORMER NOTE | |
| Participant or performer note | Pierson Tom |
| 511 ## - PARTICIPANT OR PERFORMER NOTE | |
| Participant or performer note | MacDermot Galt |
| 650 ## - SUBJECT ADDED ENTRY--TOPICAL TERM | |
| Topical term or geographic name as entry element | COLONNA SONORA [DISCHI] |
| Relator term | Codice MATERIA SPICS: 9950 |
| 9 (RLIN) | 4044 |
| 700 ## - ADDED ENTRY--PERSONAL NAME | |
| Personal name | MacDermot Galt |
| Miscellaneous information | Codice Autore SPICS: 10994 |
| 9 (RLIN) | 4045 |
| 700 ## - ADDED ENTRY--PERSONAL NAME | |
| Personal name | Rado Jim |
| Relator term | Autore |
| Miscellaneous information | Codice autore SPICS: 24212 |
| 9 (RLIN) | 4046 |
| 700 ## - ADDED ENTRY--PERSONAL NAME | |
| Personal name | Ragni Gerome |
| Relator term | Autore testo e musica |
| Miscellaneous information | Codice autore testo/musica SPICS: 24213 |
| 9 (RLIN) | 4047 |
| 942 ## - ADDED ENTRY ELEMENTS (KOHA) | |
| Koha item type | DISCHI |
| Source of classification or shelving scheme | Dewey Decimal Classification |
| Withdrawn status | Lost status | Damaged status | Not for loan | Home library | Current library | Date acquired | Total Checkouts | Full call number | Date last seen | Price effective from | Koha item type | Public note |
|---|---|---|---|---|---|---|---|---|---|---|---|---|
| Buone Condizioni | Not For Loan | SPICS-MEDIATECA | SPICS-MEDIATECA | 25/10/2013 | 20858 | 25/10/2013 | 25/10/2013 | DISCHI | Progr. Ins.: 4161 / N.Vol.: 2 / Copie: 1 - Copia rara: n.d. / date import: 01.01.2014 - By Epidotti, Trombetti, Vaglietti |